Statistics for Twilight Trivia

Click here to take the quiz!

General Stats

  • This quiz has been taken 243 times
  • The average score is 19 of 28

Answer Stats

HintAnswer% Correct
Who is the boy she falls in love with?Edward Cullen
99%
Who can see the future?Alice Cullen
94%
What's the main character's name? (before marriage)Isabella Swan
90%
Who is the doctor's wife?Esme Cullen
83%
What is the childhood friend who falls in love with the main character called?Jacob Black
83%
Who is the strongest?Emmett Cullen
82%
Who works as a doctor?Carlisle Cullen
81%
How many films are there?5
78%
What is the second book called?New Moon
78%
What is the fourth book called?Breaking Dawn
77%
What is the third book called?Eclipse
77%
Who tries to kill the main character in her old ballet studio?James
77%
What is the first book called?Twilight
77%
Who is the orange haired vampire who isn't killed until the third book?Victoria
77%
Who can control emotions?Jasper Hale
76%
Who acts the main character?Kristen Stewart
69%
Who acts the main character's love?Robert Pattinson
69%
Who is the leader of the above?Aro
68%
Who is the most beautiful?Rosalie Hale
68%
What is the main character's child called?Renesmee Cullen
59%
Who is killed by werewolves/ shapeshifters in the second book?Laurent
58%
At the end of the last film, which song is played?A Thousand Years
54%
What is the author's name?Stephenie Meyer
51%
What is the name of the vampire 'government'?The Volturi
45%
Who sings the above song?Christina Perri
43%
Where is the main character's honeymoon location?Isle Esme
42%
What's the above's human name?Edward Anthony Masen
26%
Who are the above's sisters(alphabetical order)?Rachel and Rebecca Black
11%

Score Distribution

Percentile by Number Answered

Percent of People with Each Score

Your Score History

You have not taken this quiz